Score 0/14 Timer 02:00
2 Plays Today
Clue Answer % Correct
Shopping centerMALL
95.3%
It requires postageMAIL
92.9%
The Who e.g.BAND
90.1%
BucketPAIL
89.5%
____ Street, U.S.A.MAIN
88.4%
Suffix with foot, basket or baseBALL
87.9%
Firstborn of Adam and EveCAIN
85.5%
Clue Answer % Correct
Like Dwight D. EisenhowerBALD
80.9%
Handle roughlyMAUL
79.8%
Last name of the Kentucky senator OR
first name of a Republican Wisconsin congressman and Mitt Romney running mate
PAUL
79.7%
James of 'The Godfather' and 'Elf'CAAN
62.9%
First name of a Republican Kentucky senatorRAND
61%
Blue-greenCYAN
46.9%
Last name of Wisconsin congressmanRYAN
43%

Today's Daily Dose

Quick Pick
Colorful Movies

Get the Picture
Dog Breeds II

Remove Ads.
Support Sporcle.
Get the best of Sporcle when you Go Orange. This ad-free experience offers more features, more stats, and more fun while also helping to support Sporcle. Thank you for becoming a member.

You're not logged in!

Compare scores with friends on all Sporcle quizzes.
OR
Log In

Show Comments

Extras

Top Quizzes Today


Score Distribution

Your Account Isn't Verified!

In order to create a playlist on Sporcle, you need to verify the email address you used during registration. Go to your Sporcle Settings to finish the process.

Report this User

Report this user for behavior that violates our Community Guidelines.

Details: